Fundamentals of Biostatistics (Record no. 19071)
[ view plain ]
| 000 -LEADER | |
|---|---|
| fixed length control field | 00480nam a22001697a 4500 |
| 008 - FIXED-LENGTH DATA ELEMENTS--GENERAL INFORMATION | |
| fixed length control field | 211028b |||||||| |||| 00| 0 eng d |
| 020 ## - INTERNATIONAL STANDARD BOOK NUMBER | |
| International Standard Book Number | 130526892X |
| 050 ## - LIBRARY OF CONGRESS CALL NUMBER | |
| Classification number | QH323.5 |
| Item number | .R67 2016 c.1 |
| 100 ## - MAIN ENTRY--PERSONAL NAME | |
| Personal name | Rosner, Bernard |
| 245 ## - TITLE STATEMENT | |
| Title | Fundamentals of Biostatistics |
| Statement of responsibility, etc. | Bernard Rosner |
| 250 ## - EDITION STATEMENT | |
| Edition statement | 8th ed. |
| 260 ## - PUBLICATION, DISTRIBUTION, ETC. (IMPRINT) | |
| Place of publication, distribution, etc. | Australia |
| Name of publisher, distributor, etc. | Cengage Learning |
| Date of publication, distribution, etc. | 2016 |
| 300 ## - PHYSICAL DESCRIPTION | |
| Extent | xix, 927p. |
| 650 ## - SUBJECT ADDED ENTRY--TOPICAL TERM | |
| Topical term or geographic name as entry element | Biometry statistics |
| 650 ## - SUBJECT ADDED ENTRY--TOPICAL TERM | |
| Topical term or geographic name as entry element | medical statistics |
| Form subdivision | textbooks |
| 942 ## - ADDED ENTRY ELEMENTS (KOHA) | |
| Source of classification or shelving scheme | Library of Congress Classification |
| Koha item type | General Collection |
| Withdrawn status | Lost status | Source of classification or shelving scheme | Not for loan | Home library | Current library | Date acquired | Cost, normal purchase price | Total Checkouts | Full call number | Barcode | Date last seen | Date last checked out | Price effective from | Koha item type |
|---|---|---|---|---|---|---|---|---|---|---|---|---|---|---|
| Library of Congress Classification | Kabarak, Main Campus | Kabarak, Main Campus | 28/10/2021 | 6261.00 | 1 | QH323.5 .R67 2016 c.1 | 031190 | 13/02/2024 | 13/12/2023 | 28/10/2021 | General Collection | |||
| Library of Congress Classification | Kabarak, Main Campus | Kabarak, Main Campus | 28/10/2021 | 6261.00 | QH323.5 .R67 2016 c.2 | 031191 | 28/10/2021 | 28/10/2021 | General Collection |